| 000 | 00630nam a2200217 a 4500 | ||
|---|---|---|---|
| 003 | PILC | ||
| 005 | 20160202124318.0 | ||
| 008 | 060825s19uu xx 00 eng d | ||
| 020 | _a0071112723 | ||
| 050 |
_aBF 311 _b.B636 2006 |
||
| 100 | _aBlake, Randolph. | ||
| 245 |
_aPerception / _cRobert Sekuler. |
||
| 250 | _a5th edition. | ||
| 260 |
_aBoston : _bMcGraw-Hill, _c2006. |
||
| 300 |
_axv, 652 pages : _billustrations (some color) ; _c26 cm. |
||
| 500 | _aIncludes glossary, bibliographical references and indexes. | ||
| 650 | _aPerception. | ||
| 700 | _aSekuler, Robert. | ||
| 942 |
_cBK _2lcc _kFOR |
||
| 999 |
_c290456 _d290456 |
||